Obálka Náhled e-knihy:
PDF
Pro půjčování e-knih musíte být přihlášeni.
Jak si půjčit online?

Kuba & Osvald. Skřítek se stěhuje /

Kuba je skřítčí kluk, má rozježené blonďaté vlasy a měří dvanáct celých dva centimetry. Chce se stát domácím skřítkem a k tomu musí obstát u zkoušky, se kterou mu ale dělá potíže křeček Osvald.

Uloženo v:
Série:Kuba & Osvald, část 1
Hlavní autor: Dax, Eva, 1976- (Autor)
Další autoři: Dully, Sabine, 1974- (Autor), Brčáková, Martina (Ilustrátor)
Médium: E-kniha
Jazyk:Czech
Vydáno: V Praze : Fragment, 2020
Vydání:1. vydání
Témata:
Příbuzné jednotky:Z cyklu:: Kuba & Osvald
Tagy:
Žádné tagy
LEADER 02816nam a2200529 i 4500
001 311166
003 CZ PrSKC
005 20260601215700.0
007 ta
008 200417s2020 xr a b 000 j cze
015 |a cnb003215708 
020 |a 9788025346686  |q (vázáno) :  |c Kč 249,00 
035 |a (OCoLC)1200258715 
040 |a ABG001  |b cze  |e rda 
041 1 |a cze  |h ger 
072 7 |a 821.112.2-3  |x Německá próza, německy psaná  |2 Konspekt 
072 7 |a 821-93  |x Literatura pro děti a mládež (beletrie)  |2 Konspekt 
080 |a 821.112.2-32  |2 MRF 
080 |a 821-93  |2 MRF 
080 |a (0:82-32)  |2 MRF 
100 1 |a Dax, Eva,  |d 1976-  |7 xx0247200  |4 aut 
240 1 0 |a Jeppe & Osvald.  |l Česky 
245 1 0 |a Kuba & Osvald.  |p Skřítek se stěhuje /  |c Eva Daxová ; ilustrace Sabine Dullyová ; z německého originálu Jeppe & Osvald - Ein Wichtel zieht ein ... přeložila Martina Brčáková 
246 3 0 |a Skřítek se stěhuje 
250 |a 1. vydání 
264 1 |a V Praze :  |b Fragment,  |c 2020 
300 |a 122 stran :  |b barevné ilustrace ;  |c 24 cm 
336 |a text  |b txt  |2 rdacontent 
337 |a bez média  |b n  |2 rdamedia 
338 |a svazek  |b nc  |2 rdacarrier 
500 |a Na hřbetu a obálce uvedeno: Dully & Dax 
520 2 |a Kuba je skřítčí kluk, má rozježené blonďaté vlasy a měří dvanáct celých dva centimetry. Chce se stát domácím skřítkem a k tomu musí obstát u zkoušky, se kterou mu ale dělá potíže křeček Osvald.  |b Mladý domácí skřítek Jakub by moc rád obstál u zkoušky, ale aby se mu to povedlo, musí dát do pořádku starý prázdninový domek. A to není vůbec jednoduché. Bydlí v něm totiž svéhlavý křeček Osvald, který po Kubovi hází borůvkami, schovává si jeho věci v naducaných tvářích a nevynechá jedinou příležitost k tomu, aby skřítka přinutil k odchodu. Jestlipak ti dva nakonec najdou společnou řeč? Nakladatelská anotace. 
521 8 |a Pro děti od 6 let 
655 7 |a německé příběhy  |7 fd132944  |2 czenas 
655 7 |a publikace pro děti  |7 fd133156  |2 czenas 
655 9 |a German stories  |2 eczenas 
655 9 |a children's literature  |2 eczenas 
700 1 |a Dully, Sabine,  |d 1974-  |7 xx0247206  |4 ill 
700 1 |a Brčáková, Martina  |7 xx0272042  |4 trl 
765 1 |t Wichtel zieht ein 
787 0 8 |i Z cyklu:  |t Kuba & Osvald  |g 1 
900 |a ABA001  |b 21 
928 9 |a Albatros Media - Fragment 
044 |a xr 
910 |a RBIT002 
998 |d 205655  |a https://core.palmknihy.cz/api/books/205655/cover?sjzcpf  |b https://core.palmknihy.cz/api/books/205655/cover/400?sjzcpf  |c https://core.palmknihy.cz/api/books/205655/cover/50?sjzcpf  |e 2026-07-03  |g 128  |i 9788025346686  |k https://core.palmknihy.cz/api/books/205655/preview.pdf  |l   |q 49  |r 1  |s https://www.palmknihy.cz/kniha/205655  |t ebook  |y 2020  |z 0 
999 |d 311164